Jean-Luc Godard / (Record no. 72700)

MARC details
000 -LEADER
campo de control de longitud fija 00520nam a2200181 i 4500
001 - NÚMERO DE CONTROL
campo de control 72700
003 - IDENTIFICADOR DE NÚMERO DE CONTROL
campo de control ES-MaACL
005 - FECHA Y HORA DE LA ÚLTIMA TRANSACCIÓN
campo de control 20230906171527.0
007 - CAMPO FIJO DE DESCRIPCIÓN FÍSICA--INFORMACIÓN GENERAL
campo de control de longitud fija t|
008 - DATOS DE LONGITUD FIJA--INFORMACIÓN GENERAL
campo de control de longitud fija 040902s1971 sp ||||1| spa d
100 1# - ENTRADA PRINCIPAL--NOMBRE DE PERSONA
Nombre de persona Godard, Jean-Luc.
9 (RLIN) 57502
245 10 - MENCIÓN DEL TÍTULO
Título Jean-Luc Godard /
Mención de responsabilidad, etc. por Jean-Luc Godard ; [traducción de Gustavo Londoño].
250 ## - MENCION DE EDICION
Mención de edición [1ª ed.].
260 ## - PUBLICACIÓN, DISTRIBUCIÓN, ETC.
Lugar de publicación, distribución, etc. [Barcelona] :
Nombre del editor, distribuidor, etc. Barral,
Fecha de publicación, distribución, etc. 1971.
300 ## - DESCRIPCIÓN FÍSICA
Extensión 284 p. ;
Dimensiones 20 cm.
700 1# - ENTRADA AGREGADA--NOMBRE PERSONAL
Nombre de persona Londoño, Gustavo.
9 (RLIN) 73222
852 ## - LOCALIZACIÓN
Ubicación ES-MaACL
Número de control de estantería C-49514
Sublocalización o colección R.77920
Holdings
Estatus retirado Estado de pérdida Estado de daño No para préstamo Biblioteca de origen Biblioteca actual Ubicación en estantería Fecha de adquisición Fuente de adquisición Total de préstamos Signatura topográfica completa Código de barras Visto por última vez Precio de reemplazo Tipo de ítem Koha
        Biblioteca del Ateneo de Madrid Biblioteca del Ateneo de Madrid Depósito 2 17/01/2008     C-49514 1076105 23/02/2023 23/02/2023 Libro impreso